| 000 | 01007cam a22001934a 4500 | ||
|---|---|---|---|
| 005 | 20250605164359.0 | ||
| 008 | 250528s ||||||||||||||||||||||||d | ||
| 035 | _a24493 | ||
| 040 |
_aGR-AtMCL _bgre _dGR-AtMCL _eAACR2 |
||
| 245 | 1 | _aΤο Storytelling είναι στη Φύση μας / My Spectrum - Marketing Believers | |
| 260 | _c2017 | ||
| 300 | _a42 | ||
| 520 | _aΌταν οι Επιχειρήσεις Προσφέρουν Γνώση, Το Πετρέλαιο Κίνησης 'Φουλάρει' την Επικοινωνία του Κλάδου, Η 360ο Επικοινωνία Δίνει Ρεύμα στην Αγορά, Πλούσιο σε Έμπνευση αλλά Αισιόδοξα Success Stories, Ωριμάζουν οι Έλληνες e-shoppers, Εμπειρία και Digital στη 'Νέα Ελληνική Πολυτέλεια'. | ||
| 700 | 1 |
_aΚορδελάς Δημήτρης _99464 |
|
| 942 | _cCR | ||
| 710 | 2 |
_aThe Marketing Week _99825 |
|
| 999 |
_c9370 _d9370 |
||